รายละเอียดในรูปแบบ MARC
| 000 -LEADER |
| fixed length control field |
06904nam a22007217a 4500 |
| 005 - DATE AND TIME OF LATEST TRANSACTION |
| control field |
20240814173828.0 |
| 008 - FIXED-LENGTH DATA ELEMENTS--GENERAL INFORMATION |
| fixed length control field |
s2527 th tha d |
| 041 ## - LANGUAGE CODE |
| Language code of text/sound track or separate title |
tha |
| 090 ## - LOCALLY ASSIGNED LC-TYPE CALL NUMBER (OCLC); LOCAL CALL NUMBER (RLIN) |
| Classification number (OCLC) (R) ; Classification number, CALL (RLIN) (NR) |
KB31 ร362ร 2526 |
| 245 10 - TITLE STATEMENT |
| Title |
รวมกฎหมายประจำปี พุทธศักราช 2526 |
| 260 3# - PUBLICATION, DISTRIBUTION, ETC. |
| Place of publication, distribution, etc. |
กรุงเทพฯ : |
| Name of publisher, distributor, etc. |
ศูนย์บริการทางวิชาการและกฎหมาย สำนักงานเลขาธิการรัฐสภา, |
| Date of publication, distribution, etc. |
2527 |
| 300 ## - PHYSICAL DESCRIPTION |
| Extent |
331 หน้า : |
| Other physical details |
ตาราง ; |
| Dimensions |
21 ซม. |
| 650 04 - SUBJECT ADDED ENTRY--TOPICAL TERM |
| Topical term or geographic name entry element |
แร่ (พ.ร.ก.) -- แก้ไขเพิ่มเติม -- 2526 |
| 650 04 - SUBJECT ADDED ENTRY--TOPICAL TERM |
| Topical term or geographic name entry element |
เวนคืนอสังหาริมทรัพย์ -- เขตดุสิต กรุงเทพมหานคร (พ.ร.บ.) -- 2526 |
| 650 04 - SUBJECT ADDED ENTRY--TOPICAL TERM |
| Topical term or geographic name entry element |
กรมประชาสงเคราะห์ -- การโอนกิจการบริหาร (พ.ร.บ.) -- 2526 |
| 650 04 - SUBJECT ADDED ENTRY--TOPICAL TERM |
| Topical term or geographic name entry element |
กรรมาธิการ -- เงินประจำตำแหน่งและประโยชน์ตอบแทน (พ.ร.บ.) -- 2526 |
| 650 04 - SUBJECT ADDED ENTRY--TOPICAL TERM |
| Topical term or geographic name entry element |
การชลประทานราษฎร์ (พ.ร.บ.) -- ฉบับที่ 3 -- 2526 |
| 650 04 - SUBJECT ADDED ENTRY--TOPICAL TERM |
| Topical term or geographic name entry element |
เครื่องแบบสมาชิกรัฐสภา (พ.ร.บ.) -- ฉบับที่ 2 -- 2526 |
| 650 04 - SUBJECT ADDED ENTRY--TOPICAL TERM |
| Topical term or geographic name entry element |
การประกอบธุรกิจหลักทรัพย์ (พ.ร.ก.) -- แก้ไขเพิ่มเติม -- 2526 |
| 650 04 - SUBJECT ADDED ENTRY--TOPICAL TERM |
| Topical term or geographic name entry element |
การประกอบธุรกิจเครดิตฟองซิเอร์ (พ.ร.ก.) -- แก้ไขเพิ่มเติม -- 2526 |
| 650 04 - SUBJECT ADDED ENTRY--TOPICAL TERM |
| Topical term or geographic name entry element |
การประกอบธุรกิจเงินทุน (พ.ร.ก.) -- แก้ไขเพิ่มเติม -- 2526 |
| 650 04 - SUBJECT ADDED ENTRY--TOPICAL TERM |
| Topical term or geographic name entry element |
การยกเว้นค่าธรรมเนียม (พ.ร.บ.) -- 2526 |
| 650 04 - SUBJECT ADDED ENTRY--TOPICAL TERM |
| Topical term or geographic name entry element |
การเลือกตั้งสมาชิกสภาผผู้แทนราษฎร (พ.ร.ก.) -- แก้ไขเพิ่มเติม -- 2526 |
| 650 04 - SUBJECT ADDED ENTRY--TOPICAL TERM |
| Topical term or geographic name entry element |
คลองประปา -- การรักษา (พ.ร.บ.) -- 2526 |
| 650 04 - SUBJECT ADDED ENTRY--TOPICAL TERM |
| Topical term or geographic name entry element |
งบประมาณรายจ่ายประจำปี (พ.ร.บ.) -- 2526 |
| 650 04 - SUBJECT ADDED ENTRY--TOPICAL TERM |
| Topical term or geographic name entry element |
มาตราชั่ง ตวง วัด (พ.ร.บ.) -- 2526 |
| 650 04 - SUBJECT ADDED ENTRY--TOPICAL TERM |
| Topical term or geographic name entry element |
งานประปา เขตบางเขน เขตบางกะปิ กรุงเทพมหานคร -- โอนกิจการ (พ.ร.บ.) -- 2526 |
| 650 04 - SUBJECT ADDED ENTRY--TOPICAL TERM |
| Topical term or geographic name entry element |
ถอนสภาพที่ดิน -- ต.ฝายแก้ว อ.เมืองน่าน จ.น่าน (พ.ร.บ.) -- 2526 |
| 650 04 - SUBJECT ADDED ENTRY--TOPICAL TERM |
| Topical term or geographic name entry element |
ทหารกองประจำการ (พ.ร.บ.) --2526 |
| 650 04 - SUBJECT ADDED ENTRY--TOPICAL TERM |
| Topical term or geographic name entry element |
ที่ดินราชพัสดุ -- อ.อุบลรัตน์ จ.ขอนแก่น (พ.ร.บ.) -- 2526 |
| 650 04 - SUBJECT ADDED ENTRY--TOPICAL TERM |
| Topical term or geographic name entry element |
ที่ธรณีสงฆ์ -- วัดพระธาตุเชิงชุมวรวิหาร (พ.ร.บ.) -- 2526 |
| 650 04 - SUBJECT ADDED ENTRY--TOPICAL TERM |
| Topical term or geographic name entry element |
ท่าเรือพาณิชย์สัตหีบ กองทัพเรือ -- โอนกิจการ (พ.ร.บ.) -- 2526 |
| 650 04 - SUBJECT ADDED ENTRY--TOPICAL TERM |
| Topical term or geographic name entry element |
ธรรมนูญศาลทหาร -- ฉบับที่ 6 -- 2526 |
| 650 04 - SUBJECT ADDED ENTRY--TOPICAL TERM |
| Topical term or geographic name entry element |
ธรรมนูญศาลทหาร -- ฉบับที่ 7 -- 2526 |
| 650 04 - SUBJECT ADDED ENTRY--TOPICAL TERM |
| Topical term or geographic name entry element |
บัตรประชาชน (พ.ร.บ.) -- 2526 |
| 650 04 - SUBJECT ADDED ENTRY--TOPICAL TERM |
| Topical term or geographic name entry element |
บำเหน็จบำนาญข้าราชการ (พ.ร.บ.) -- ฉบับที่ 14 -- 2526 |
| 650 04 - SUBJECT ADDED ENTRY--TOPICAL TERM |
| Topical term or geographic name entry element |
ประมวลกฎหมายที่ดิน -- ฉบับที่ 3 -- 2526 |
| 650 04 - SUBJECT ADDED ENTRY--TOPICAL TERM |
| Topical term or geographic name entry element |
ประมวลกฎหมายอาญา -- ฉบับที่ 6 -- 2526 |
| 650 04 - SUBJECT ADDED ENTRY--TOPICAL TERM |
| Topical term or geographic name entry element |
ประมวลรัษฎากร (พ.ร.ก.) -- ฉบับที่ 12 -- แก้ไขเพิ่มเติม -- 2526 |
| 650 04 - SUBJECT ADDED ENTRY--TOPICAL TERM |
| Topical term or geographic name entry element |
พัฒนาที่ดิน (พ.ร.บ.) -- 2526 |
| 650 04 - SUBJECT ADDED ENTRY--TOPICAL TERM |
| Topical term or geographic name entry element |
พิกัดอัตราศุลกากร (พ.ร.ก.) -- ฉบับที่ 43 -- 2526 |
| 650 04 - SUBJECT ADDED ENTRY--TOPICAL TERM |
| Topical term or geographic name entry element |
ภาษีการเดินทางออกนอกราชอาณาจักร (พ.ร.ก.) -- 2526 |
| 650 04 - SUBJECT ADDED ENTRY--TOPICAL TERM |
| Topical term or geographic name entry element |
ยกเว้นค่าธรรมเนียม (พ.ร.บ.) -- ฉบับที่ 3 -- 2526 |
| 650 04 - SUBJECT ADDED ENTRY--TOPICAL TERM |
| Topical term or geographic name entry element |
ล้มละลาย (พ.ร.บ.) -- ฉบับที่ 3 -- 2526 |
| 650 04 - SUBJECT ADDED ENTRY--TOPICAL TERM |
| Topical term or geographic name entry element |
ล้างมลทิน (พ.ร.บ.) -- 2526 |
| 650 04 - SUBJECT ADDED ENTRY--TOPICAL TERM |
| Topical term or geographic name entry element |
ศาลคดีเด็กและเยาวชน -- ระยอง (พ.ร.บ.) -- 2526 |
| 650 04 - SUBJECT ADDED ENTRY--TOPICAL TERM |
| Topical term or geographic name entry element |
สภาการเหมืองแร่ (พ.ร.บ.) -- 2526 |
| 650 04 - SUBJECT ADDED ENTRY--TOPICAL TERM |
| Topical term or geographic name entry element |
สมาชิกวุฒิสภา -- เงินประจำตำแหน่งและประโยชน์ตอบแทน (พ.ร.บ.) -- ฉบับที่ 2 -- 2526 |
| 650 04 - SUBJECT ADDED ENTRY--TOPICAL TERM |
| Topical term or geographic name entry element |
สมาชิกสภาผู้แทนราษฎร -- เงินประจำตำแหน่งและประโยชน์ตอบแทน (พ.ร.บ.) -- ฉบับที่ 2 -- 2526 |
| 650 04 - SUBJECT ADDED ENTRY--TOPICAL TERM |
| Topical term or geographic name entry element |
เทศบาลเมืองบางบัวทอง จังหวัดนนทบุรี -- โอนกิจการบริหาร (พ.ร.บ.) -- 2526 |
| 650 04 - SUBJECT ADDED ENTRY--TOPICAL TERM |
| Topical term or geographic name entry element |
เวนคืนอสังหาริมทรัพย์ -- กรุงเทพมหานคร--นนทบุรี (พ.ร.บ.) -- 2526 |
| 650 04 - SUBJECT ADDED ENTRY--TOPICAL TERM |
| Topical term or geographic name entry element |
เวนคืนอสังหาริมทรัพย์ -- นครสวรรค์ (พ.ร.บ.) -- 2526 |
| 650 04 - SUBJECT ADDED ENTRY--TOPICAL TERM |
| Topical term or geographic name entry element |
เวนคืนอสังหาริมทรัพย์ -- เขตบางเขน กรุงเทพมหานคร (พ.ร.บ.) -- 2526 |
| 650 04 - SUBJECT ADDED ENTRY--TOPICAL TERM |
| Topical term or geographic name entry element |
เวนคืนอสังหาริมทรัพย์ -- เขตพระโขนง กรุงเทพมหานคร (พ.ร.บ.) -- 2526 |
| 650 04 - SUBJECT ADDED ENTRY--TOPICAL TERM |
| Topical term or geographic name entry element |
เวนคืนอสังหาริมทรัพย์ -- เขตห้วยขวาง กรุงเทพมหานคร (พ.ร.บ.) -- 2526 |
| 650 04 - SUBJECT ADDED ENTRY--TOPICAL TERM |
| Topical term or geographic name entry element |
โรงรับจำนำ (พ.ร.บ.) -- ฉบับที่ 3 -- 2526 |
| 650 04 - SUBJECT ADDED ENTRY--TOPICAL TERM |
| Topical term or geographic name entry element |
โอนที่ดิน -- ต.หนองหอย อ.ศรีเชียงใหม่ จ.เชียงใหม่ (พ.ร.บ.) -- 2526 |
| 650 04 - SUBJECT ADDED ENTRY--TOPICAL TERM |
| Topical term or geographic name entry element |
โอนที่ดิน -- เขตบางกะปี กรุงเทพมหานคร (พ.ร.บ.) -- 2526 |
| 850 ## - HOLDING INSTITUTION |
| Holding institution |
NALT |
| 942 ## - ADDED ENTRY ELEMENTS (KOHA) |
| Koha item type |
Law Book |
| 997 ## - |
| -- |
000000000016428 |
| 998 ## - LOCAL CONTROL INFORMATION (RLIN) |
| -- |
ARUNTHIP |
| -- |
25 |
| -- |
นีลวัสน์ อินทรักษา |